|
|
|
|
| LEADER |
01606nam a2200421 a 4500 |
| 001 |
EBC623237 |
| 003 |
MiAaPQ |
| 005 |
20200520144314.0 |
| 006 |
m o d | |
| 007 |
cr cn||||||||| |
| 008 |
001011s2000 ne a s 000 0 eng |
| 010 |
|
|
|z 87658269
|
| 015 |
|
|
|a GBA0-64596
|
| 016 |
7 |
|
|a 155619630x
|2 Uk
|
| 020 |
|
|
|z 155619630X(cased)
|
| 020 |
|
|
|z 1556196318(pbk.)
|
| 020 |
|
|
|z 9027231869(European)
|
| 020 |
|
|
|z 9027231877(European pbk.)
|
| 035 |
|
|
|a (MiAaPQ)EBC623237
|
| 035 |
|
|
|a (Au-PeEL)EBL623237
|
| 035 |
|
|
|a (CaPaEBR)ebr5000227
|
| 035 |
|
|
|a (CaONFJC)MIL225480
|
| 035 |
|
|
|a (OCoLC)70766107
|
| 040 |
|
|
|a MiAaPQ
|c MiAaPQ
|d MiAaPQ
|
| 050 |
|
4 |
|a HF5720
|b .T73 2000
|
| 082 |
0 |
4 |
|a 306.446
|2 21
|
| 245 |
0 |
0 |
|a Translating into success
|h [electronic resource] :
|b cutting-edge strategies for going multilingual in a global age.
|
| 260 |
|
|
|a Amsterdam ;
|a [Great Britain] :
|b John Benjamins,
|c c2000.
|
| 300 |
|
|
|a xxii, 239 p. :
|b ill.
|
| 490 |
1 |
|
|a American Translators Association scholarly monograph series,
|x 0890-4111 ;
|v v. 11
|
| 490 |
1 |
|
|a Case studies in business and language
|
| 533 |
|
|
|a Electronic reproduction. Ann Arbor, MI : ProQuest, 2015. Available via World Wide Web. Access may be limited to ProQuest affiliated libraries.
|
| 650 |
|
0 |
|a Translations.
|
| 655 |
|
4 |
|a Electronic books.
|
| 710 |
2 |
|
|a ProQuest (Firm)
|
| 830 |
|
0 |
|a American Translators Association scholarly monograph series ;
|v v. 11.
|
| 830 |
|
0 |
|a Case studies in business and language.
|
| 856 |
4 |
0 |
|u https://ebookcentral.proquest.com/lib/matrademy/detail.action?docID=623237
|z Click to View
|